[Event "NED-ch U12 op"]
[Site "Borne"]
[Date "2019.08.06"]
[Round "3"]
[White "Pick, Max"]
[Black "Schoonenwolf, Jack"]
[Result "1-0"]
[WhiteElo "1515"]
[BlackElo "1225"]
[PlyCount "129"]
[EventDate "2019.08.05"]
[EventType "swiss"]
[EventRounds "13"]
[EventCountry "NED"]
[SourceTitle "EXT 2020"]
[Source "ChessBase"]
[SourceDate "2019.10.17"]
[SourceVersion "1"]
[SourceVersionDate "2019.10.17"]
[SourceQuality "1"]

1. c4 Nf6 2. d4 e6 3. Nf3 Nc6 4. Bg5 Be7 5. Nc3 d5 6. e3 Nh5 7. Bxe7 Nxe7 8. Bd3 Nc6 9. a3 a5 10. Qc2 Nf6 11. Rc1 0-0 12. c5 Re8 13. Ne5 h6 14. f4 Nxe5 15. fxe5 Nd7 16. Qf2 Qg5 17. h4 Qh5 18. Kd2 Rf8 19. Ne2 f5 20. exf6 Nxf6 21. Qg3 Rf7 22. Bg6 Ne4+ 23. Bxe4 dxe4 24. Nf4 Qf5 25. Rcf1 Bd7 26. Qg6 Bb5 27. Qxf5 exf5 28. Ra1 c6 29. b4 Rf6 30. Rhg1 g5 31. hxg5 hxg5 32. Nh3 Rg6 33. g4 fxg4 34. Rxg4 axb4 35. Rxg5 Rxg5 36. Nxg5 Rxa3 37. Rxa3 bxa3 38. Kc3 a2 39. Kb2 Bc4 40. Nxe4 Kg7 41. Nd6 Bd5 42. Nxb7 Kf6 43. Nd6 Ke6 44. e4 Bxe4 45. Nxe4 Kd5 46. Nd6 Kxd4 47. Nb7 a1Q+ 48. Kxa1 Kc4 49. Kb2 Kb4 50. Kc2 Kc4 51. Kd2 Kd4 52. Ke2 Ke4 53. Kf2 Kf4 54. Kg2 Ke4 55. Kg3 Ke5 56. Kf3 Ke6 57. Ke4 Kd7 58. Ke5 Ke7 59. Nd8 Kd7 60. Nf7 Ke7 61. Nd6 Kd8 62. Ke6 Kc7 63. Nc4 Kb8 64. Kd6 Kb7 65. Kd7 1-0